00850nam a2200265 a 4500001001000000003000500010005001700015008004100032010001100073011001100084020001500095040000900110082001900119100002600138245014100164260003900305300001600344490002100360534007100381650002700452650002300479700003100502700003000533830002100563000108093CHAP20220329143957.0131204s2004 sp |r| |||0|||spa d a104555 a105527 a8497060679 cCHAP04a616.89075bV661 aVieta Pascual, Eduard13aLa enfermedad de las emociones :bEl trastorno bipolar /cpor Eduard Vieta Pascual, Fracesc Colom Victoriano y Anabel Martínez Arán. aBarcelona :bPsiquiatría,c2004. axiv, 217 p. aPsiquiatría 21 pTít. original : La malaltia de les emocions: el trastorn bipolar14aEnfermedades mentales.14aTrastorno bipolar.1 aColom Victoriano, Francesc1 aMartínez Arán, Anabel 0aPsiquiatría 21